000 01037cam a22002294a 4500
005 20250605164307.0
008 250528s ||||||||||||||||||||||||d
035 _a22331
020 _a9789603444244
040 _aGR-AtMCL
_bgre
_dGR-AtMCL
_eAACR2
245 1 _aΑΝΑΛΥΤΙΚΟ ΠΡΟΓΡΑΜΜΑ
250 _a1
260 _bΕλληνικά Γράμματα,
_c1997
300 _a282
505 0 _aΜΟΡΦΕΣ ΑΝΑΛΥΤΙΚΩΝ ΠΡΟΓΡΑΜΜΑΤΩΝ ΣΧΕΔΙΑΣΜΟΣ ΚΑΙ ΑΝΑΠΤΥΞΗ ΑΝΑΛΥΤΙΚΩΝ ΠΡΟΓΡΑΜΜΑΤΩΝ ΔΙΑΡΘΡΩΣΗ ΤΩΝ ΑΝΑΛΥΤΙΚΩΝ ΠΡΟΓΡΑΜΜΑΤΩΝ
520 _aΜΟΡΦΕΣ ΑΝΑΛΥΤΙΚΩΝ ΠΡΟΓΡΑΜΜΑΤΩΝ ΣΧΕΔΙΑΣΜΟΣ ΚΑΙ ΑΝΑΠΤΥΞΗ ΑΝΑΛΥΤΙΚΩΝ ΠΡΟΓΡΑΜΜΑΤΩΝ ΔΙΑΡΘΡΩΣΗ ΤΩΝ ΑΝΑΛΥΤΙΚΩΝ ΠΡΟΓΡΑΜΜΑΤΩΝ
700 1 _aΒρεττος Γιαννης
_98184
700 1 _aΚαψαλης Αχιλλεας
_95846
942 _cBK
999 _c7385
_d7385